Normal view
MARC view
Entry Personal Name
001 - CONTROL NUMBER
- control field: 9673
003 - CONTROL NUMBER IDENTIFIER
- control field: ARRUPE
005 - DATE AND TIME OF LATEST TRANSACTION
- control field: 20140402114406.0
008 - FIXED-LENGTH DATA ELEMENTS
- fixed length control field: 140402|| aca||aabn | a|a d
040 ## - CATALOGING SOURCE
- Original cataloging agency: ARRUPE
- Transcribing agency: ARRUPE
100 ## - HEADING--PERSONAL NAME
- Personal name: Devitt, Napier,
- Dates associated with a name: 1871-
670 ## - SOURCE DATA FOUND
- Source citation: Work cat.: (ARRUPE)0: Devitt, Napier, 1871-, Famous South African trials,, 1930.